Visualizing Relationships Between Organizational Patterns

Saved in:
Bibliographic Details
Main Author: Toldy, Kristián (Author)
Other Authors: Sulaiman Khail, Waheedullah (Thesis advisor)
Format: Manuscript Book
Language:Slovak
English
Published: 2020
Subjects:
Online Access:http://is.stuba.sk/zp/portal_zp.pl?podrobnosti=142155
Tags: Add Tag
No Tags, Be the first to tag this record!

MARC

LEADER 00000ntm a22000003a 4500
001 stuzp80632
003 SK-STU
005 20200620212040.4
007 ta
008 150427s2015----xo-----f-mn---000-0-slo-d
040 |a STU  |b slo 
041 0 |a eng 
100 1 |a Toldy, Kristián  |u 070200  |4 aut  |U FIIT Fakulta informatiky a informačných technológií  |T FIIT Ústav informatiky, informačných systémov a softvérového inžinierstva  |X 92158  |U I200  |Y 179  |7 92158 
242 0 1 |a Vizualizácia vzťahov medzi organizačnými vzormi  |y slo 
245 1 0 |a Visualizing Relationships Between Organizational Patterns 
260 |c 2020 
650 4 |a Vizualizácia  |2 slo 
650 4 |a Vzťahy medzi vzormi  |2 slo 
650 4 |a Organizačné vzory  |2 slo 
650 4 |a Visualization  |2 eng 
650 4 |a Organizational Patterns  |2 eng 
650 4 |a Relationships between patterns  |2 eng 
700 1 |a Sulaiman Khail, Waheedullah  |u 070200  |k Z3  |4 ths  |U FIIT Fakulta informatiky a informačných technológií  |T FIIT Ústav informatiky, informačných systémov a softvérového inžinierstva  |X 88314  |U I200  |Y 179  |7 88314 
856 4 |u http://is.stuba.sk/zp/portal_zp.pl?podrobnosti=142155